Microbial Bionanotechnology Biological Self-assembly Systems and Biopolymer-based Nanostructures

Salvato in:
Dettagli Bibliografici
Autore principale: Rehm, Bernd H.A
Natura: Libro
Lingua:inglese
Pubblicazione: Wymondham Horizont Bioscience 2006
Edizione:1. edition
Soggetti:
Accesso online:Visualizza in OPAC
Tags: Aggiungi Tag
Nessun Tag, puoi essere il primo ad aggiungerne!!

MARC

LEADER 00000nam a2200000 a 4500
005 20260127134139.0
008 070220 2006 enk 000 0 eng d
020 |a 1904933165 
035 |a vtls008947548 
039 9 |y 200702201135  |z mschk03 
040 |a STUSCHK1  |b slo  |c STUSCHK1  |e AACR2 
080 |a 663 
080 |a 57.08 
080 |a 579 
100 1 |a Rehm, Bernd H.A. 
245 1 |a Microbial Bionanotechnology  |b Biological Self-assembly Systems and Biopolymer-based Nanostructures 
250 |a 1. edition 
260 |a Wymondham  |b Horizont Bioscience  |c 2006 
300 |a viii, 373 p. : ill. ; 23,5 cm 
650 0 |a Microbiology 
650 0 |a Biology 
650 0 |a biopolymer-based 
650 0 |a nanostructure 
910 |a SCHK95 
919 |a 1-904933-16-5 
999 |c 5152  |d 5152